=LDR 00000nam 2200000 4500 =001 INLIS000000000031765 =005 20140607134824.0 =006 =007 =008 ind =035 ##$$0010-061300000031765 =041 ##$$a ind =082 ##$$a 780 =090 ##$$a 780, Ren f =100 ##$$a Rendra, Yulia =245 ##$$a Fresh Musik, Not+Chord, Yulia Rendra =260 ##$$a [20-?...] $b [Sl] =300 ##$$a 66 hlm, Ilus, 28 cm =650 ##$$a Musik =850 ##$$a NBPNMAT =990 ##$$a 0210/BPAP-NTB/2016